[Event "GER CupT 1920 prel1"]
[Site "Merseburg"]
[Date "2020.01.11"]
[Round "1.4"]
[White "Falk, Kristoffer"]
[Black "Weber, Martin"]
[Result "1/2-1/2"]
[WhiteElo "2042"]
[BlackElo "2150"]
[PlyCount "26"]
[EventDate "2020.01.11"]
[EventType "team-k.o."]
[EventRounds "2"]
[EventCountry "GER"]
[SourceTitle "EXT 2021"]
[Source "ChessBase"]
[SourceDate "2020.10.23"]
[SourceVersion "1"]
[SourceVersionDate "2020.10.23"]
[SourceQuality "1"]
[WhiteTeam "Ilmenau"]
[BlackTeam "Rotation Pankow"]
[WhiteTeamCountry "GER"]
[BlackTeamCountry "GER"]

1. d4 Nf6 2. Nf3 d5 3. c4 e6 4. g3 Be7 5. Bg2 0-0 6. 0-0 b6 7. Nc3 Bb7 8. cxd5 exd5 9. Qc2 Nbd7 10. Bf4 c6 11. Rac1 Re8 12. Rfd1 Nh5 13. Bd2 Bb4 1/2-1/2

[Event "Berlin Cup"]
[Site "Berlin"]
[Date "2019.06.16"]
[Round "5.3"]
[White "Weber, Daniel1111"]
[Black "Weber, Martin"]
[Result "0-1"]
[WhiteElo "2093"]
[BlackElo "2107"]
[PlyCount "74"]
[EventDate "2019.05.05"]
[EventType "team-k.o."]
[EventRounds "5"]
[EventCountry "GER"]
[SourceTitle "EXT 2020"]
[Source "ChessBase"]
[SourceDate "2019.10.17"]
[SourceVersion "1"]
[SourceVersionDate "2019.10.17"]
[SourceQuality "1"]
[WhiteTeam "Berlin SF"]
[BlackTeam "Pankow Rotation"]
[WhiteTeamCountry "GER"]
[BlackTeamCountry "GER"]

1. e4 e6 2. b3 d5 3. Bb2 c5 4. exd5 exd5 5. d4 Nf6 6. Nf3 Nc6 7. Nc3 Bg4 8. dxc5 Bxc5 9. Be2 0-0 10. 0-0 Re8 11. h3 Bh5 12. Na4 Bd6 13. Nd4 Bxe2 14. Nxe2 Rc8 15. Nd4 Nxd4 16. Bxd4 Bb8 17. g3 Ne4 18. Qd3 Qc7 19. Rac1 b5 20. Nb2 Ng5 21. h4 Ne6 22. Be3 Qe5 23. c3 b4 24. Bd4 Qd6 25. Na4 a5 26. Bb6 bxc3 27. Rxc3 d4 28. Rxc8 Rxc8 29. Bxa5 Rc6 30. b4 Qd5 31. b5 Nf4 32. gxf4 Rg6+ 33. Qxg6 hxg6 34. Bd2 Qxa2 35. Rc1 Qxa4 36. Rc8+ Kh7 37. Rxb8 Qd1+ 0-1

[Event "Dortmund Sparkassen op-B"]
[Site "Dortmund"]
[Date "2015.07.01"]
[Round "5"]
[White "Borchert, Louis"]
[Black "Weber, Martin"]
[Result "1-0"]
[WhiteElo "1885"]
[BlackElo "1980"]
[PlyCount "81"]
[EventDate "2015.06.27"]
[EventType "swiss"]
[EventRounds "9"]
[EventCountry "GER"]
[SourceTitle "CBM 167 Extra"]
[Source "ChessBase"]
[SourceDate "2015.09.14"]
[SourceVersion "1"]
[SourceVersionDate "2015.09.14"]
[SourceQuality "1"]

1. e4 e5 2. Nf3 d6 3. d4 exd4 4. Nxd4 g6 5. Nc3 Bg7 6. Bc4 Nc6 7. Nxc6 bxc6 8. 0-0 Ne7 9. Be3 c5 10. Qd2 Be6 11. Bb3 0-0 12. Bh6 Nc6 13. Bxg7 Kxg7 14. Nd5 Rb8 15. f4 Bxd5 16. Bxd5 Ne7 17. Bb3 Rb4 18. Qc3+ f6 19. Rfe1 Rd4 20. Rad1 Rxd1 21. Rxd1 Nc6 22. Bc4 Nd4 23. b4 Qe8 24. bxc5 dxc5 25. Qd3 Qa4 26. c3 Rd8 27. Bb3 Nxb3 28. Qxd8 Nd4 29. Rd3 Qc2 30. Qe7+ Kg8 31. Qd8+ Kg7 32. Qxc7+ Kg8 33. Qb8+ Kg7 34. Qxa7+ Kg8 35. Qb8+ Kg7 36. Qb7+ Kg8 37. cxd4 Qc1+ 38. Kf2 c4 39. Re3 Qd2+ 40. Kf3 Qd1+ 41. Kg3 1-0

[Event "Dortmund Sparkassen op-B"]
[Site "Dortmund"]
[Date "2015.06.28"]
[Round "2"]
[White "Weber, Martin"]
[Black "Sewarte, Jochen"]
[Result "1-0"]
[WhiteElo "1980"]
[BlackElo "1728"]
[PlyCount "37"]
[EventDate "2015.06.27"]
[EventType "swiss"]
[EventRounds "9"]
[EventCountry "GER"]
[SourceTitle "CBM 167 Extra"]
[Source "ChessBase"]
[SourceDate "2015.09.14"]
[SourceVersion "1"]
[SourceVersionDate "2015.09.14"]
[SourceQuality "1"]

1. d4 d5 2. Nc3 e6 3. e4 dxe4 4. Nxe4 Nf6 5. Nxf6+ Qxf6 6. Nf3 c5 7. Bg5 Qf5 8. Bd3 Qd5 9. c4 Qc6 10. 0-0 f6 11. Ne5 Qc7 12. Qh5+ Ke7 13. Qf7+ Kd8 14. Bxf6+ Be7 15. Bxg7 Re8 16. Bxh7 Nc6 17. Bg6 Bd7 18. Nxd7 Qxd7 19. Qxe8+ 1-0

[Event "Ruhrgebiet Verbandsklasse Gruppe 3 1415"]
[Site "Germany"]
[Date "2014.10.19"]
[Round "2.1"]
[White "Weber, Martin"]
[Black "Schulenburg, Pit"]
[Result "1-0"]
[WhiteElo "1978"]
[BlackElo "2099"]
[PlyCount "79"]
[EventDate "2014.09.21"]
[EventType "team-tourn"]
[EventRounds "9"]
[EventCountry "GER"]
[SourceTitle "EXT 2022"]
[Source "ChessBase"]
[SourceDate "2021.10.06"]
[SourceVersion "1"]
[SourceVersionDate "2021.10.06"]
[SourceQuality "1"]
[WhiteTeam "Haltern"]
[BlackTeam "Dortmund FS"]
[WhiteTeamCountry "GER"]
[BlackTeamCountry "GER"]

1. c4 g6 2. g3 Bg7 3. Bg2 d6 4. Nc3 e5 5. d3 Ne7 6. e4 Nd7 7. Nge2 0-0 8. 0-0 c6 9. Be3 Nf6 10. h3 Be6 11. f4 Nh5 12. Qd2 d5 13. cxd5 cxd5 14. fxe5 d4 15. Nxd4 Nxg3 16. Rf3 Bxe5 17. Nxe6 fxe6 18. d4 Rxf3 19. Bxf3 Bc7 20. Kg2 Nh5 21. Bg4 Ng7 22. Rd1 Qd6 23. e5 Qd7 24. Ne4 Nd5 25. Bg5 Rf8 26. Nf6+ Nxf6 27. Bxf6 Ne8 28. d5 Rxf6 29. exf6 Qd6 30. f7+ Kxf7 31. dxe6+ Kg7 32. Qc3+ Qe5 33. Qxe5+ Bxe5 34. Rd7+ Kf6 35. Rxh7 Ng7 36. Rh8 Bxb2 37. Rf8+ Ke7 38. Rf7+ Ke8 39. Rxb7 Bd4 40. Kf3 1-0

[Event "NRW Verbandsklasse Group1 1314"]
[Site "Nordrheinwestfalen"]
[Date "2014.02.16"]
[Round "7"]
[White "Breidenbach, Olaf"]
[Black "Weber, Martin"]
[Result "1/2-1/2"]
[WhiteElo "1940"]
[BlackElo "1982"]
[PlyCount "53"]
[EventDate "2013.09.08"]
[EventType "team-tourn"]
[EventRounds "9"]
[EventCountry "GER"]
[SourceTitle "EXT 2020"]
[Source "ChessBase"]
[SourceDate "2019.10.17"]
[SourceVersion "1"]
[SourceVersionDate "2019.10.17"]
[SourceQuality "1"]
[WhiteTeam "Marten Boevinghausen"]
[BlackTeam "Koenigsspringer Haltern"]
[WhiteTeamCountry "GER"]
[BlackTeamCountry "GER"]

1. d4 d5 2. c4 c6 3. Nf3 Nf6 4. e3 g6 5. Nc3 Bg7 6. Bd3 0-0 7. 0-0 Nbd7 8. b3 Re8 9. Bb2 e5 10. dxe5 Nxe5 11. Nxe5 Rxe5 12. cxd5 Nxd5 13. Na4 Re8 14. Bxg7 Kxg7 15. Rc1 Qg5 16. Kh1 Bg4 17. Qc2 Qf6 18. a3 Rad8 19. Rfe1 Re5 20. Kg1 Qd6 21. Qb2 Nf6 22. Be2 Bxe2 23. Rxe2 Rd5 24. g3 Qe5 25. Qxe5 Rxe5 26. Kf1 Red5 27. Rec2 1/2-1/2

[Event "NRW Verbandsklasse Group1 1314"]
[Site "Nordrheinwestfalen"]
[Date "2013.11.24"]
[Round "4"]
[White "Weber, Martin"]
[Black "Bachmann, Karlheinz"]
[Result "1/2-1/2"]
[WhiteElo "1982"]
[BlackElo "2093"]
[PlyCount "40"]
[EventDate "2013.09.08"]
[EventType "team-tourn"]
[EventRounds "9"]
[EventCountry "GER"]
[SourceTitle "EXT 2020"]
[Source "ChessBase"]
[SourceDate "2019.10.17"]
[SourceVersion "1"]
[SourceVersionDate "2019.10.17"]
[SourceQuality "1"]
[WhiteTeam "Koenigsspringer Haltern"]
[BlackTeam "Katernberg SF III"]
[WhiteTeamCountry "GER"]
[BlackTeamCountry "GER"]

1. d4 d5 2. c4 dxc4 3. e3 Nf6 4. Bxc4 e6 5. Nf3 c5 6. 0-0 a6 7. Qe2 b5 8. Bb3 Bb7 9. Rd1 Nbd7 10. Nc3 Qb8 11. e4 cxd4 12. Nxd4 Bd6 13. g3 Nc5 14. f3 0-0 15. Bc2 Rd8 16. Bg5 b4 17. Na4 Nxa4 18. Bxa4 Bc5 19. Be3 Qa7 20. Nc2 Rac8 1/2-1/2

[Event "NRW Verbandsklasse Group1 1314"]
[Site "Nordrheinwestfalen"]
[Date "2013.10.13"]
[Round "2"]
[White "Wagner, Ralf"]
[Black "Weber, Martin"]
[Result "1-0"]
[WhiteElo "1936"]
[BlackElo "1982"]
[PlyCount "75"]
[EventDate "2013.09.08"]
[EventType "team-tourn"]
[EventRounds "9"]
[EventCountry "GER"]
[SourceTitle "EXT 2020"]
[Source "ChessBase"]
[SourceDate "2019.10.17"]
[SourceVersion "1"]
[SourceVersionDate "2019.10.17"]
[SourceQuality "1"]
[WhiteTeam "Ahlen SV II"]
[BlackTeam "Koenigsspringer Haltern"]
[WhiteTeamCountry "GER"]
[BlackTeamCountry "GER"]

1. e4 e6 2. d4 d5 3. e5 c5 4. c3 Nc6 5. Be2 Qb6 6. Nf3 cxd4 7. cxd4 Nge7 8. Na3 Nf5 9. Nc2 Bd7 10. 0-0 Rc8 11. Rb1 a5 12. g4 Nfe7 13. Ne3 h5 14. h3 hxg4 15. hxg4 Ng6 16. Ng2 Be7 17. Be3 Nb4 18. a3 Nc2 19. Bd3 Nxe3 20. fxe3 Nf8 21. Qe2 g6 22. Nf4 a4 23. Kg2 Qb3 24. Nh3 Kd8 25. Nd2 Qb6 26. Rxf7 Be8 27. Rff1 Rc7 28. Nf3 Kc8 29. Rfc1 Kb8 30. Rxc7 Qxc7 31. Qc2 Qd8 32. b3 axb3 33. Qxb3 Bc6 34. Bb5 Qd7 35. a4 Nh7 36. Nf4 Rg8 37. Bxc6 Qxc6 38. Nxe6 1-0

[Event "Rheinland Pfalz op 4th"]
[Site "Altenkirchen"]
[Date "2012.06.09"]
[Round "6"]
[White "Weber, Martin"]
[Black "Hegermann, Frank"]
[Result "0-1"]
[WhiteElo "1911"]
[BlackElo "2142"]
[PlyCount "102"]
[EventDate "2012.06.07"]
[EventType "swiss"]
[EventRounds "7"]
[EventCountry "GER"]
[SourceTitle "CBM 148 Extra"]
[Source "ChessBase"]
[SourceDate "2012.06.22"]
[SourceVersion "1"]
[SourceVersionDate "2012.06.22"]
[SourceQuality "1"]

1. d4 Nf6 2. c4 g6 3. Nf3 Bg7 4. Nc3 d5 5. cxd5 Nxd5 6. e4 Nxc3 7. bxc3 c5 8. Be2 0-0 9. 0-0 Nc6 10. Bb2 Bg4 11. h3 Bxf3 12. Bxf3 cxd4 13. cxd4 Nxd4 14. Bxd4 Qxd4 15. Qxd4 Bxd4 16. Rab1 b6 17. Rfd1 Rfd8 18. Rbc1 Be5 19. g3 Kf8 20. Rd5 Rxd5 21. exd5 Rb8 22. a4 Ke8 23. Be2 f5 24. Bb5+ Kf7 25. f4 Bd6 26. Kg2 Rd8 27. Rd1 Bc5 28. Kf3 Kf6 29. Rd3 h5 30. h4 Bd6 31. Re3 Rc8 32. Re6+ Kf7 33. Re3 Rc2 34. Re2 Rc1 35. Rd2 Bc5 36. Ba6 Rc3+ 37. Rd3 Rc2 38. g4 hxg4+ 39. Kg3 Bg1 40. h5 Bf2+ 41. Kg2 gxh5 42. d6 Bc5+ 43. Kg3 exd6 44. Kh4 Kf6 45. Kg3 Bf2+ 46. Kg2 Ke6 47. Bb7 h4 48. Rd1 Be3+ 49. Kh1 Bxf4 50. Bd5+ Kf6 51. Bb3 Rc1 0-1

[Event "Rheinland Pfalz op 4th"]
[Site "Altenkirchen"]
[Date "2012.06.07"]
[Round "2"]
[White "Welz, Thomas"]
[Black "Weber, Martin"]
[Result "1-0"]
[WhiteElo "2197"]
[BlackElo "1911"]
[PlyCount "137"]
[EventDate "2012.06.07"]
[EventType "swiss"]
[EventRounds "7"]
[EventCountry "GER"]
[SourceTitle "CBM 148 Extra"]
[Source "ChessBase"]
[SourceDate "2012.06.22"]
[SourceVersion "1"]
[SourceVersionDate "2012.06.22"]
[SourceQuality "1"]

1. Nf3 d5 2. d4 a6 3. Bf4 Nf6 4. e3 Nbd7 5. Bd3 h6 6. h3 e6 7. Nbd2 c5 8. c3 b5 9. 0-0 Be7 10. Qe2 c4 11. Bc2 Bb7 12. Ne5 0-0 13. g4 Nh7 14. Bg3 Nxe5 15. Bxe5 f6 16. Bh2 Bd6 17. f4 Qe7 18. Nf3 g5 19. Rae1 Rae8 20. Bg6 Rd8 21. Qc2 Qg7 22. Kh1 Bc8 23. f5 e5 24. e4 Bb7 25. exd5 Bxd5 26. dxe5 fxe5 27. Bxh7+ Qxh7 28. Kg1 Qa7+ 29. Kg2 Qc7 30. Bg1 Rf7 31. Rd1 Qb7 32. Rxd5 Qxd5 33. Rd1 Qa8 34. Re1 Bc7 35. Qe4 Qd5 36. Qxd5 Rxd5 37. Be3 Kg7 38. Nd2 Bd8 39. Ne4 Be7 40. Kf3 Rf8 41. Ke2 Rc8 42. Rf1 Rc6 43. Rb1 a5 44. a3 Bf6 45. Ra1 Be7 46. Rh1 Rc8 47. Rf1 Bf6 48. Ra1 a4 49. Rf1 Kf7 50. Rh1 Be7 51. h4 gxh4 52. Bxh6 Rd3 53. g5 h3 54. g6+ Ke8 55. Be3 Rxe3+ 56. Kxe3 Rd8 57. f6 Rd3+ 58. Ke2 Bd8 59. Rf1 Kf8 60. g7+ Kf7 61. Rg1 Bxf6 62. g8Q+ Ke7 63. Qh7+ Ke6 64. Rg6 Kd5 65. Nxf6+ Ke6 66. Ne4+ Kf5 67. Rf6+ Kg4 68. Qg6+ Kh4 69. Qg5# 1-0

[Event "Dortmund Sparkassen op-A"]
[Site "Dortmund"]
[Date "2011.07.31"]
[Round "9"]
[White "Schorra, Helmut"]
[Black "Weber, Martin"]
[Result "1-0"]
[WhiteElo "2110"]
[BlackElo "2033"]
[PlyCount "55"]
[EventDate "2011.07.23"]
[EventType "swiss"]
[EventRounds "9"]
[EventCountry "GER"]
[SourceTitle "CBM 143 Extra"]
[Source "ChessBase"]
[SourceDate "2011.08.29"]
[SourceVersion "1"]
[SourceVersionDate "2011.08.29"]
[SourceQuality "1"]

1. d4 g6 2. e4 Bg7 3. c4 c5 4. Nf3 cxd4 5. Nxd4 Nc6 6. Be3 Qb6 7. Nb3 Qc7 8. Qd2 Nf6 9. Nc3 0-0 10. Be2 d6 11. f3 Ne5 12. Nb5 Qb8 13. N3d4 a6 14. Nc3 e6 15. 0-0 Qc7 16. b3 Rd8 17. Rac1 b6 18. Rfd1 Bb7 19. Bf1 Rac8 20. Qf2 Ned7 21. b4 Rb8 22. Nb3 Bf8 23. Nd5 exd5 24. cxd5 Nc5 25. bxc5 dxc5 26. Bg5 Bg7 27. Qh4 Qd6 28. Bf4 1-0

[Event "Dortmund Sparkassen op-A"]
[Site "Dortmund"]
[Date "2011.07.25"]
[Round "3"]
[White "Baumhackel, Mario"]
[Black "Weber, Martin"]
[Result "1/2-1/2"]
[WhiteElo "2157"]
[BlackElo "2033"]
[PlyCount "51"]
[EventDate "2011.07.23"]
[EventType "swiss"]
[EventRounds "9"]
[EventCountry "GER"]
[SourceTitle "CBM 143 Extra"]
[Source "ChessBase"]
[SourceDate "2011.08.29"]
[SourceVersion "1"]
[SourceVersionDate "2011.08.29"]
[SourceQuality "1"]

1. d4 Nf6 2. Nf3 h6 3. g3 g5 4. Bg2 Bg7 5. 0-0 d6 6. c4 Nbd7 7. Qc2 0-0 8. Nc3 c6 9. b3 Rb8 10. Rd1 b5 11. cxb5 cxb5 12. h4 g4 13. Ne1 Qc7 14. Bb2 b4 15. Nd5 Nxd5 16. Bxd5 Qxc2 17. Nxc2 e6 18. Bg2 e5 19. Rac1 Ba6 20. Bf1 Rfc8 21. Ne1 Nf6 22. e3 Bxf1 23. Kxf1 Nd5 24. Nd3 a5 25. Rxc8+ Rxc8 26. Rc1 1/2-1/2

[Event "GER CupT"]
[Site "Germany"]
[Date "2011.01.22"]
[Round "1.23"]
[White "Weber, Martin"]
[Black "Berndt, Klaus"]
[Result "0-1"]
[WhiteElo "2148"]
[BlackElo "2166"]
[PlyCount "66"]
[EventDate "2011.01.22"]
[EventType "team-k.o."]
[EventRounds "6"]
[EventCountry "GER"]
[SourceTitle "EXT 2016"]
[Source "ChessBase"]
[SourceDate "2015.10.08"]
[SourceVersion "1"]
[SourceVersionDate "2015.10.08"]
[SourceQuality "1"]
[WhiteTeam "Pankow Rotation"]
[BlackTeam "Luebbenau Spreewald"]
[WhiteTeamCountry "GER"]
[BlackTeamCountry "GER"]

1. e4 e6 2. d4 d5 3. e5 c5 4. c3 Nc6 5. Nf3 Qb6 6. Bd3 cxd4 7. cxd4 Bd7 8. Nc3 Nxd4 9. Nxd4 Qxd4 10. 0-0 a6 11. Qe2 Rc8 12. Kh1 Bc5 13. Bd2 Ne7 14. a3 h5 15. Rad1 Nf5 16. Bg5 Qg4 17. Qxg4 hxg4 18. Bxf5 exf5 19. Nxd5 Rh5 20. Bf4 Bb5 21. b4 Bxf1 22. bxc5 Bb5 23. Be3 f4 24. Bxf4 Rxc5 25. Ne3 Rc3 26. Nd5 Rd3 27. Nc7+ Kd7 28. Rc1 Ba4 29. Kg1 Rh8 30. Kf1 Rc8 31. Ke2 Rxa3 32. Rc5 Bc6 33. Rc2 Rxc7 0-1

[Event "Olomouc op"]
[Site "Olomouc"]
[Date "2010.08.07"]
[Round "4"]
[White "Weber, Martin"]
[Black "Juptner, Jan"]
[Result "0-1"]
[WhiteElo "2136"]
[BlackElo "2383"]
[PlyCount "106"]
[EventDate "2010.08.04"]
[EventType "swiss"]
[EventRounds "9"]
[EventCountry "CZE"]
[SourceTitle "CBM 137 Extra"]
[Source "ChessBase"]
[SourceDate "2010.09.01"]
[SourceVersion "1"]
[SourceVersionDate "2010.09.01"]
[SourceQuality "1"]

1. e4 c5 2. Nc3 Nc6 3. f4 e6 4. Nf3 d5 5. d3 Be7 6. g3 Nf6 7. Bg2 dxe4 8. Nxe4 Qc7 9. 0-0 b6 10. Bd2 0-0 11. Nxf6+ Bxf6 12. Bc3 Bxc3 13. bxc3 Bb7 14. Ng5 Ne7 15. Ne4 c4 16. Qe2 cxd3 17. cxd3 Rac8 18. Rac1 Rfd8 19. Rfd1 Nf5 20. d4 Bd5 21. Re1 Qc4 22. Qxc4 Rxc4 23. Nd2 Ra4 24. Bxd5 Rxd5 25. Rc2 h5 26. Kf2 Rda5 27. Ra1 f6 28. Nb3 Rd5 29. Re1 Kf7 30. Rce2 Rc4 31. Rc1 a5 32. Nd2 Rc6 33. Ree1 Rb5 34. Nf3 Rc4 35. Ke2 Rb2+ 36. Kd3 Ra4 37. h3 Nxg3 38. Nd2 Raxa2 39. Nc4 Rf2 40. Nxb6 Rad2+ 41. Kc4 Rxf4 42. Kb5 Ne2 43. Nc4 Ra2 44. d5 exd5 45. Nd6+ Kg6 46. Ra1 Nxc3+ 47. Kc6 Rxa1 48. Rxa1 a4 49. Rg1+ Kh7 50. Kd7 a3 51. Ne8 g5 52. Ke6 Kg6 53. h4 Re4+ 0-1

[Event "Olomouc op"]
[Site "Olomouc"]
[Date "2010.08.05"]
[Round "2"]
[White "Weber, Martin"]
[Black "Gorbatov, Alexej"]
[Result "1-0"]
[WhiteElo "2136"]
[BlackElo "2390"]
[PlyCount "57"]
[EventDate "2010.08.04"]
[EventType "swiss"]
[EventRounds "9"]
[EventCountry "CZE"]
[SourceTitle "CBM 137 Extra"]
[Source "ChessBase"]
[SourceDate "2010.09.01"]
[SourceVersion "1"]
[SourceVersionDate "2010.09.01"]
[SourceQuality "1"]

1. e4 c5 2. Nc3 e6 3. f4 a6 4. Nf3 d5 5. d3 Nc6 6. g3 d4 7. Nb1 f5 8. Bg2 Nf6 9. Nbd2 Be7 10. 0-0 0-0 11. Re1 Re8 12. a4 Bf8 13. Nc4 fxe4 14. dxe4 b6 15. Ng5 e5 16. fxe5 Nxe5 17. Nxe5 Rxe5 18. Bf4 Re7 19. Qd3 Raa7 20. e5 h6 21. exf6 Rxe1+ 22. Rxe1 hxg5 23. Bxg5 gxf6 24. Qg6+ Rg7 25. Qxf6 Qxf6 26. Bxf6 Rd7 27. Re8 Kf7 28. Rxc8 c4 29. Rd8 1-0

[Event "Dortmund Sparkassen op-A"]
[Site "Dortmund"]
[Date "2010.07.17"]
[Round "1"]
[White "Carlstedt, Jonathan"]
[Black "Weber, Martin"]
[Result "1-0"]
[WhiteElo "2379"]
[BlackElo "2031"]
[PlyCount "45"]
[EventDate "2010.07.17"]
[EventType "swiss"]
[EventRounds "9"]
[EventCountry "GER"]
[SourceTitle "CBM 137 Extra"]
[Source "ChessBase"]
[SourceDate "2010.09.01"]
[SourceVersion "1"]
[SourceVersionDate "2010.09.01"]
[SourceQuality "1"]

1. c4 e6 2. g3 d5 3. Bg2 c6 4. Nf3 f5 5. 0-0 Nf6 6. b3 Bd6 7. Nc3 0-0 8. Bb2 Qe7 9. Qc2 Na6 10. d3 e5 11. cxd5 Nb4 12. Qd2 Nbxd5 13. e4 fxe4 14. dxe4 Nxc3 15. Qxc3 Re8 16. h3 Bd7 17. Rad1 c5 18. Qc4+ Be6 19. Qc2 Bd7 20. Rd2 Bc6 21. Ng5 h6 22. Qc4+ Kf8 23. Rxd6 1-0

[Event "Olomouc op"]
[Site "Olomouc"]
[Date "2009.08.06"]
[Round "2"]
[White "Strebkovs, Andrejs"]
[Black "Weber, Martin"]
[Result "1/2-1/2"]
[WhiteElo "2371"]
[BlackElo "2111"]
[PlyCount "58"]
[EventDate "2009.08.05"]
[EventType "swiss"]
[EventRounds "9"]
[EventCountry "CZE"]
[SourceTitle "CBM 131 Extra"]
[Source "ChessBase"]
[SourceDate "2009.09.03"]
[SourceVersion "2"]
[SourceVersionDate "2009.09.16"]
[SourceQuality "1"]

1. d4 Nf6 2. c4 e5 3. dxe5 Ng4 4. Bf4 g5 5. Bg3 Bg7 6. Nf3 Nc6 7. h4 Ngxe5 8. Nxe5 Nxe5 9. e3 d6 10. Qc2 g4 11. Nd2 h5 12. Be2 Qe7 13. Rc1 Bd7 14. c5 Bc6 15. cxd6 Qxd6 16. 0-0 Qe7 17. Nb3 Ng6 18. Nd4 Bxd4 19. exd4 0-0 20. Rfe1 Rfe8 21. Qc4 Be4 22. Qb3 Qf6 23. Bxc7 Bxg2 24. Be5 Rxe5 25. dxe5 Qxh4 26. Kxg2 Nf4+ 27. Kg1 Nh3+ 28. Kh1 Nf4+ 29. Kg1 Nh3+ 1/2-1/2

[Event "Dortmund op"]
[Site "Dortmund"]
[Date "2009.07.12"]
[Round "9"]
[White "Heinzel, Peter"]
[Black "Weber, Martin"]
[Result "0-1"]
[WhiteElo "2068"]
[BlackElo "1976"]
[PlyCount "114"]
[EventDate "2009.07.04"]
[EventType "swiss"]
[EventRounds "9"]
[EventCountry "GER"]
[SourceTitle "CBM 131 Extra"]
[Source "ChessBase"]
[SourceDate "2009.09.03"]
[SourceVersion "2"]
[SourceVersionDate "2009.09.16"]
[SourceQuality "1"]

1. b4 d5 2. Bb2 Bg4 3. Nf3 Nd7 4. d3 c6 5. Nbd2 Ngf6 6. g3 e6 7. a3 a5 8. c3 Be7 9. Bg2 0-0 10. 0-0 Ra7 11. Nb3 Bxf3 12. Bxf3 axb4 13. cxb4 Ne8 14. Bd4 b6 15. Qc2 Qa8 16. Bb2 c5 17. bxc5 bxc5 18. e4 Bf6 19. exd5 exd5 20. Rfc1 Rc7 21. Nd2 Bxb2 22. Qxb2 Nef6 23. Bg2 Rb8 24. Qa2 Qa5 25. Re1 Nf8 26. Nf3 Rcb7 27. Qe2 Re8 28. Qf1 Rxe1 29. Qxe1 Qxe1+ 30. Nxe1 Ne6 31. a4 g6 32. Nf3 Ra7 33. Ne5 Nd4 34. g4 h6 35. h4 g5 36. hxg5 hxg5 37. Nf3 Ne2+ 38. Kf1 Nc3 39. a5 Nxg4 40. Ra3 d4 41. Nxg5 Ne5 42. Be4 c4 43. Nf3 Nxf3 44. Bxf3 cxd3 45. a6 d2 46. Ra1 Kf8 47. Be2 Ke8 48. f4 Kd8 49. Kf2 Kc7 50. Ra3 Kc6 51. f5 f6 52. Kf3 Kc5 53. Ra1 d3 54. Bd1 Nxd1 55. Rxd1 Kd4 56. Rxd2 Rxa6 57. Rh2 Ra5 0-1

[Event "Dortmund op"]
[Site "Dortmund"]
[Date "2009.07.09"]
[Round "6"]
[White "Maniocha, Marek"]
[Black "Weber, Martin"]
[Result "1/2-1/2"]
[WhiteElo "2067"]
[BlackElo "1976"]
[PlyCount "131"]
[EventDate "2009.07.04"]
[EventType "swiss"]
[EventRounds "9"]
[EventCountry "GER"]
[SourceTitle "CBM 131 Extra"]
[Source "ChessBase"]
[SourceDate "2009.09.03"]
[SourceVersion "2"]
[SourceVersionDate "2009.09.16"]
[SourceQuality "1"]

1. d4 d5 2. c4 e6 3. Nc3 Be7 4. Nf3 Nf6 5. Bg5 h6 6. Bxf6 Bxf6 7. e3 0-0 8. Be2 dxc4 9. Bxc4 c5 10. 0-0 cxd4 11. Nxd4 Qb6 12. Nb3 Nd7 13. Rc1 Ne5 14. Ne4 Be7 15. Qe2 Bd7 16. Rfd1 Bc6 17. Ng3 Rac8 18. Bd3 Nxd3 19. Qxd3 Rfd8 20. Qe2 Rxd1+ 21. Qxd1 Rd8 22. Qg4 Qb5 23. Nh5 Qg5 24. Qxg5 Bxg5 25. f4 Be7 26. Nd4 Bd5 27. b3 Ba3 28. Rc2 Be4 29. Rc4 Bb2 30. Ng3 Bd5 31. Rc2 Bxd4 32. exd4 Bc6 33. Rd2 g6 34. Kf2 h5 35. h4 Kf8 36. Ke3 Ke7 37. Rc2 Kd6 38. Nf1 Rd7 39. g3 Rc7 40. Nd2 b5 41. b4 Bd5 42. Rc5 Rb7 43. a3 a6 44. Nb1 Bc6 45. Nc3 Rb8 46. Ne2 Rb7 47. Nc1 Bd5 48. Nd3 Ra7 49. Kd2 a5 50. bxa5 Rxa5 51. Rc3 Ra4 52. Nb4 Bc4 53. Kc2 Ra7 54. Kb2 Ra4 55. Re3 Ra7 56. Re5 Bd5 57. Nxd5 exd5 58. f5 Ra4 59. fxg6 fxg6 60. Rg5 Rxd4 61. Rxg6+ Kc5 62. Rg5 Rd2+ 63. Kc3 Rf2 64. Rxh5 Rf3+ 65. Kb2 Rxg3 66. Rg5 1/2-1/2

[Event "Dortmund op"]
[Site "Dortmund"]
[Date "2009.07.05"]
[Round "2"]
[White "Weber, Martin"]
[Black "Mazarov, Juergen"]
[Result "0-1"]
[WhiteElo "1976"]
[BlackElo "2186"]
[PlyCount "68"]
[EventDate "2009.07.04"]
[EventType "swiss"]
[EventRounds "9"]
[EventCountry "GER"]
[SourceTitle "CBM 131 Extra"]
[Source "ChessBase"]
[SourceDate "2009.09.03"]
[SourceVersion "2"]
[SourceVersionDate "2009.09.16"]
[SourceQuality "1"]

1. d4 d5 2. Nc3 Nf6 3. Bg5 Bf5 4. e3 e6 5. Bd3 Bxd3 6. cxd3 c5 7. dxc5 Bxc5 8. d4 Be7 9. Nf3 Nbd7 10. 0-0 0-0 11. Qd3 Nh5 12. Bxe7 Qxe7 13. Rfc1 Rac8 14. Rc2 Nb6 15. b3 f5 16. Rac1 Nf6 17. Ne5 Ne4 18. f3 Nd6 19. Nb5 a6 20. Nxd6 Qxd6 21. Rxc8 Rxc8 22. Rxc8+ Nxc8 23. Qc3 Ne7 24. b4 h6 25. f4 Kh7 26. g4 fxg4 27. Nxg4 Nf5 28. Ne5 Qd8 29. Nf3 Qe8 30. Kf2 Qa4 31. a3 Qd1 32. Nd2 Qg4 33. Nf3 Nd6 34. Qc2+ Ne4+ 0-1

[Event "Dortmund op"]
[Site "Dortmund"]
[Date "2009.07.04"]
[Round "1"]
[White "Juziak, Peter"]
[Black "Weber, Martin"]
[Result "1/2-1/2"]
[WhiteElo "2124"]
[BlackElo "1976"]
[PlyCount "129"]
[EventDate "2009.07.04"]
[EventType "swiss"]
[EventRounds "9"]
[EventCountry "GER"]
[SourceTitle "CBM 131 Extra"]
[Source "ChessBase"]
[SourceDate "2009.09.03"]
[SourceVersion "2"]
[SourceVersionDate "2009.09.16"]
[SourceQuality "1"]

1. e4 d5 2. exd5 Nf6 3. d4 Bg4 4. Nf3 Qxd5 5. Be2 e6 6. 0-0 Nc6 7. h3 Bh5 8. c4 Qd7 9. Be3 Rd8 10. Qb3 Bxf3 11. Bxf3 Nxd4 12. Bxd4 Qxd4 13. Qxb7 Bd6 14. Qc6+ Ke7 15. Nc3 Rb8 16. Nb5 Qxb2 17. Nxd6 cxd6 18. Qc7+ Nd7 19. c5 dxc5 20. Rad1 Rhd8 21. Bc6 Qxa2 22. Rxd7+ Rxd7 23. Bxd7 Rb1 24. Bb5+ Kf6 25. Qxc5 Rxf1+ 26. Bxf1 Qa1 27. f4 h6 28. g4 g6 29. Kf2 a5 30. h4 Kg7 31. g5 hxg5 32. hxg5 Qb2+ 33. Ke3 Qb3+ 34. Bd3 a4 35. Qb5 Qd1 36. Qb2+ Kg8 37. Be2 Qg1+ 38. Ke4 Qh1+ 39. Kd3 Qh3+ 40. Kc2 Qg3 41. Qb8+ Kg7 42. Kb2 Qe1 43. Qe5+ Kg8 44. Ka3 Qc1+ 45. Kxa4 Qc6+ 46. Bb5 Qc2+ 47. Ka5 Qc8 48. Kb6 Qd8+ 49. Kc5 Qe7+ 50. Qd6 Qa7+ 51. Kc6 Kg7 52. Qc7 Qa8+ 53. Kb6 Kf8 54. Bc6 Qa3 55. Qd8+ Kg7 56. Qf6+ Kg8 57. Kc7 Qa7+ 58. Kd6 Qa3+ 59. Kd7 Qa7+ 60. Kd6 Qb8+ 61. Kc5 Qf8+ 62. Kb6 Qb8+ 63. Kc5 Qf8+ 64. Kb6 Qb8+ 65. Kc5 1/2-1/2